Poly pipe industries
Tallennettuna:
| Aineistotyyppi: | Kirja |
|---|---|
| Kieli: | English |
| Tagit: |
Lisää tagi
Ei tageja, Lisää ensimmäinen tagi!
|
MARC
| LEADER | 00000nam a2200000Ia 4500 | ||
|---|---|---|---|
| 003 | MV0096 | ||
| 005 | 20221231143950.0 | ||
| 008 | 140114s a 000 ||eng d | ||
| 040 | |c cru CEDI | ||
| 090 | |a MV 96 | ||
| 245 | |a Poly pipe industries | ||
| 300 | |a paginación varia :ilustraciones a color | ||
| 942 | |c MX | ||
| 999 | |c 14910 |d 14910 | ||
